banner-ar

الفرانكفونية العربية : (Record no. 66101)

MARC details
000 -الفاتح
حقل البيانات ثابتة الطول 01267nam a2200289Ia 4500
005 - وقت وتاريخ اخر تعامل مع التسجيلة
رقم الضبط 20240530110859.0
008 - عناصر البيانات ثابتة الطول - معلومات عامة
حقل البيانات ثابتة الطول 140319s2005 ua g b 000 0 ara d
016 ## - رقم ضبط الوكاله الوطنية للضبط الببليوجرافي
رقم ضبط التسجيلة 2005/10206
040 ## - مصدر الفهرسة
وكالة الفهرسة الأصلية GCL /
وكالة النسخ GCL
082 04 - رقم تصنيف ديوى العشرى
رقم التصنيف 303.482/
رقم المادة ج ف
100 1# - المدخل الرئيسى - إسم شخصى
الإسم الشخصى جوسلان، شارل
245 12 - بيان العنوان
العنوان الفرانكفونية العربية :
بقية العنوان دراسات وشهادات /
بيان المسئوليه,etc تقديم شارل جوسلان ؛ تمهيد غسان سلامة ؛ تصدير بطرس بطرس غالى ؛ ترجمة جيهان عيسوى ؛ مراجعة منى صفوت
260 ## - PUBLICATION, DISTRIBUTION, ETC. (IMPRINT)
تاريخ النشر أو التوزيع 2005.
300 ## - الوصف المادى
التعداد 332 ص. ؛
أبعاد الوعاء 24 سم.
490 0# - بيان السلسلة
عنوان السلسلة المشروع القومى للترجمة ؛
رقم المجلد/ التعيين التسلسلي 79
504 ## - تبصرة ببليوجرافية
تبصرة ببليوجرافية,الخ يشتمل على ارجاعات ببليوجرافية
650 07 - المدخل الاضافى بالموضوع-مصطلح موضوعى
مصدر الرأس أو المصطلح qrmak
مصطلح موضوعي التغير الاجتماعى
650 07 - المدخل الاضافى بالموضوع-مصطلح موضوعى
مصدر الرأس أو المصطلح qrmak
مصطلح موضوعي الاحوال الاجتماعية
650 07 - المدخل الاضافى بالموضوع-مصطلح موضوعى
مصدر الرأس أو المصطلح qrmak
مصطلح موضوعي اللغة العامية
650 07 - المدخل الاضافى بالموضوع-مصطلح موضوعى
مصدر الرأس أو المصطلح qrmak
مصطلح موضوعي الاحوال الثقافية
700 07 - المدخل الاضافى - اسم شخصى
الإسم الشخصى غسان سلامة
الدور ممهد
700 07 - المدخل الاضافى - اسم شخصى
الإسم الشخصى بطرس بطرس غالى
الدور مصدر
700 07 - المدخل الاضافى - اسم شخصى
الإسم الشخصى جيهان عيسوى
الدور مترجم
700 07 - المدخل الاضافى - اسم شخصى
الإسم الشخصى منى صفوت
الدور مراجع
942 ## - عناصر المدخل الإضافي( كوها)
مصدر التصنيف او مخطط الترفيف Dewey Decimal Classification
Koha [default] item type كتاب
260 ## - PUBLICATION, DISTRIBUTION, ETC. (IMPRINT)
-- القاهرة :
-- المجلس الاعلى للثقافة،
Holdings
حالة التراجع حالة الفقد مصدر التصنيف او خطة الترفيف حالة تلف ليس للاعارة المكان المؤقت الموقع الحالى موقع الترفيف تاريخ الاكتساب اجمالي اﻻعارات رقم الطلب الباركود تاريخ اخر مشاهدة تاريخ تفعيل السعر نوع وعاء كوها
    ddc     مكتبة القاهرة الكبرى مكتبة القاهرة الكبرى ق الرئيسية_العلوم الاجتماعية_ك عربى 01/31/2022   303.482/ ج ف 167326 01/31/2022 01/31/2022 كتاب

Powered By

EGPV